ბათუმის შოთა რუსთაველის სახელმწიფო უნივერსიტეტის ბიბლიოთეკა

IBM PC для пользователя (ბიბ.ჩანაწერი № 35290)

000 -LEADER
fixed length control field 00551nam a2200229Ia 4500
001 - CONTROL NUMBER
control field 1140
003 - CONTROL NUMBER IDENTIFIER
control field GE_BSU
008 - FIXED-LENGTH DATA ELEMENTS--GENERAL INFORMATION
fixed length control field 181216s||||||||xx |||||||||||||| ||und||
020 ## - INTERNATIONAL STANDARD BOOK NUMBER
International Standard Book Number 5862254714
040 ## - CATALOGING SOURCE
Transcribing agency GE_BSU
080 ## - UNIVERSAL DECIMAL CLASSIFICATION NUMBER
Universal Decimal Classification number 681.3
100 ## - MAIN ENTRY--PERSONAL NAME
Personal name Фигурнов,В.Э.
245 ## - TITLE STATEMENT
Title IBM PC для пользователя
245 ## - TITLE STATEMENT
Remainder of title Краткий курс
260 ## - PUBLICATION, DISTRIBUTION, ETC.
Place of publication, distribution, etc. Москва
260 ## - PUBLICATION, DISTRIBUTION, ETC.
Name of publisher, distributor, etc. Инфра
260 ## - PUBLICATION, DISTRIBUTION, ETC.
Date of publication, distribution, etc. 1997
300 ## - PHYSICAL DESCRIPTION
Extent 480стр.
653 ## - INDEX TERM--UNCONTROLLED
Uncontrolled term IBM PC для пользователя
942 ## - ADDED ENTRY ELEMENTS (KOHA)
Koha item type წიგნი
ეგზემპლარები
Withdrawn status Lost status Damaged status Not for loan Date acquired Barcode Date last seen Price effective from Koha item type
        2018-12-17 925 2018-12-17 2018-12-17 წიგნი